<?xml version="1.0" encoding="UTF-8"?>
<record
    xmlns:xsi="http://www.w3.org/2001/XMLSchema-instance"
    xsi:schemaLocation="http://www.loc.gov/MARC21/slim http://www.loc.gov/standards/marcxml/schema/MARC21slim.xsd"
    xmlns="http://www.loc.gov/MARC21/slim">

  <leader>00832nam a22001937a 4500</leader>
  <controlfield tag="005">20241125104455.0</controlfield>
  <controlfield tag="008">230120b        |||||||| |||| 00| 0 eng d</controlfield>
  <datafield tag="020" ind1=" " ind2=" ">
    <subfield code="a">9780073109176 (pbk)</subfield>
  </datafield>
  <datafield tag="020" ind1=" " ind2=" ">
    <subfield code="a">0073109177</subfield>
  </datafield>
  <datafield tag="040" ind1=" " ind2=" ">
    <subfield code="a">KMU</subfield>
    <subfield code="c">KMU</subfield>
  </datafield>
  <datafield tag="050" ind1=" " ind2=" ">
    <subfield code="a">HD 6958.5 Lab 2006</subfield>
  </datafield>
  <datafield tag="245" ind1=" " ind2=" ">
    <subfield code="a">Labor-Management Relations</subfield>
    <subfield code="b">/</subfield>
    <subfield code="c">edited by John Overby.</subfield>
  </datafield>
  <datafield tag="250" ind1=" " ind2=" ">
    <subfield code="a">First Edition.</subfield>
  </datafield>
  <datafield tag="260" ind1=" " ind2=" ">
    <subfield code="a">USA:</subfield>
    <subfield code="b">McGraw-Hill/Dushkin,</subfield>
    <subfield code="c">2006.</subfield>
  </datafield>
  <datafield tag="300" ind1=" " ind2=" ">
    <subfield code="a">219 pages.:</subfield>
    <subfield code="b">ill,;</subfield>
    <subfield code="c">26cm</subfield>
  </datafield>
  <datafield tag="520" ind1=" " ind2=" ">
    <subfield code="a">Provides perspectives to students from the legal issues, the managerial view, the union's view, and global views. This book looks at the inherent struggle between labor and management as well as the legal and global contexts in which it occurs. It questions what the future holds for labor-management relations.</subfield>
  </datafield>
  <datafield tag="700" ind1=" " ind2=" ">
    <subfield code="a">Overby,John.</subfield>
  </datafield>
  <datafield tag="942" ind1=" " ind2=" ">
    <subfield code="2">lcc</subfield>
    <subfield code="c">BK</subfield>
    <subfield code="n">0</subfield>
  </datafield>
  <datafield tag="999" ind1=" " ind2=" ">
    <subfield code="c">155</subfield>
    <subfield code="d">155</subfield>
  </datafield>
  <datafield tag="952" ind1=" " ind2=" ">
    <subfield code="0">0</subfield>
    <subfield code="1">0</subfield>
    <subfield code="2">lcc</subfield>
    <subfield code="4">0</subfield>
    <subfield code="7">0</subfield>
    <subfield code="8">NFIC</subfield>
    <subfield code="a">CPL</subfield>
    <subfield code="b">CPL</subfield>
    <subfield code="c">OA</subfield>
    <subfield code="d">2023-01-19</subfield>
    <subfield code="e">Donation-Adventist Development and Relief Agency</subfield>
    <subfield code="l">0</subfield>
    <subfield code="o">HD 6958.5 2006</subfield>
    <subfield code="p">747832</subfield>
    <subfield code="r">2023-01-20 00:00:00</subfield>
    <subfield code="w">2023-01-20</subfield>
    <subfield code="y">BK</subfield>
  </datafield>
  <datafield tag="952" ind1=" " ind2=" ">
    <subfield code="0">0</subfield>
    <subfield code="1">0</subfield>
    <subfield code="2">lcc</subfield>
    <subfield code="4">0</subfield>
    <subfield code="7">0</subfield>
    <subfield code="8">NFIC</subfield>
    <subfield code="a">CPL</subfield>
    <subfield code="b">CPL</subfield>
    <subfield code="c">OA</subfield>
    <subfield code="d">2023-01-19</subfield>
    <subfield code="e">Donation-Adventist Development and Relief Agency</subfield>
    <subfield code="l">0</subfield>
    <subfield code="o">HD 6958.5 2006</subfield>
    <subfield code="p">747829</subfield>
    <subfield code="r">2023-01-20 00:00:00</subfield>
    <subfield code="w">2023-01-20</subfield>
    <subfield code="y">BK</subfield>
  </datafield>
  <datafield tag="952" ind1=" " ind2=" ">
    <subfield code="0">0</subfield>
    <subfield code="1">0</subfield>
    <subfield code="2">lcc</subfield>
    <subfield code="4">0</subfield>
    <subfield code="7">0</subfield>
    <subfield code="8">NFIC</subfield>
    <subfield code="a">CPL</subfield>
    <subfield code="b">CPL</subfield>
    <subfield code="c">OA</subfield>
    <subfield code="d">2023-01-19</subfield>
    <subfield code="e">Donation-Adventist Development and Relief Agency</subfield>
    <subfield code="l">0</subfield>
    <subfield code="o">HD 6958.5 2006</subfield>
    <subfield code="p">747831</subfield>
    <subfield code="r">2023-01-20 00:00:00</subfield>
    <subfield code="w">2023-01-20</subfield>
    <subfield code="y">BK</subfield>
  </datafield>
  <datafield tag="952" ind1=" " ind2=" ">
    <subfield code="0">0</subfield>
    <subfield code="1">0</subfield>
    <subfield code="2">lcc</subfield>
    <subfield code="4">0</subfield>
    <subfield code="7">0</subfield>
    <subfield code="8">NFIC</subfield>
    <subfield code="a">CPL</subfield>
    <subfield code="b">CPL</subfield>
    <subfield code="c">OA</subfield>
    <subfield code="d">2023-01-19</subfield>
    <subfield code="e">Donation-Adventist Development and Relief Agency</subfield>
    <subfield code="l">1</subfield>
    <subfield code="o">HD 6958.5 2006</subfield>
    <subfield code="p">747830</subfield>
    <subfield code="r">2023-04-20 00:00:00</subfield>
    <subfield code="s">2023-04-20</subfield>
    <subfield code="w">2023-01-20</subfield>
    <subfield code="y">BK</subfield>
  </datafield>
</record>
